000 00844cam a22002774a 4500
999 _c2038
_d2038
001 2038
003 BD-JhCC
005 20220630134020.0
008 040322s2004 cau 000 0 eng
020 _a1401904599 (pbk.)
035 _a(BD-JhCC)2038
040 _aDLC
_cDLC
_dDLC
041 _aeng
050 0 0 _aBF1301
_b.A17 2004
082 0 0 _a133.9/3
_222
_bABR 2004
100 0 _aAbraham
_c(Spirit)
245 1 0 _aAsk and it is given :
_blearning to manifest your desires /
_c[channelled by] Esther and Jerry Hicks.
260 _aCarlsbad, Calif. :
_bHay House,
_cc2004.
300 _axxxi, 314 p. ;
_c23 cm.
650 0 _aSpirit writings.
700 1 _aHicks, Esther,
_d1948-
700 1 _aHicks, Jerry.
856 4 1 _3Table of contents
_uhttp://www.loc.gov/catdir/toc/ecip0416/2004006622.html
942 _2ddc
_cBK
_06